20 plus petites villes de France (en superficie) - Statistiques

Statistiques générales
  • Ce quiz a été pris 13 fois
  • Le résultat moyen est 1 sur 19
Statistiques - réponses
HINT ANSWER % Correct
0,04km² Castelmoron-d'Albret
67%
0,09km² Vaudherland
22%
0,18km² Lannoy
11%
0,58km² Mont-Dauphin
11%
0,53km² Saint-Laurent-sur-Saône
11%
0,57km² Bécherel
0%
0,36km² Bourg-le-Roi
0%
0,58km² Fays-la-Chapelle
0%
0,6km² Île-de-Sein
0%
0,24km² La Ferrière-sur-Risle
0%
0,43km² La Roche-Bernard
0%
0,41km² Le Catelet
0%
0,2km² Mallièvre
0%
0,48km² Moncontour
0%
0,53km² Monpazier
0%
0,39km² Mont-Louis
0%
0,42km² Riverie
0%
0,28km² Sainte-Marie
0%
0,58km² Saint-Jean-de-Losne
0%
Aucun quiz correspondant
Distribution des résultats
% des personnes avec chaque résultat
Percentile par nombre de réponses
Votre historique - résultats
Vous n’avez pas pris ce quiz